| 000 | 00558nam a2200217Ia 4500 | ||
|---|---|---|---|
| 003 | OSt | ||
| 005 | 20140311163107.0 | ||
| 008 | 140130s9999 xx 000 0 und d | ||
| 020 | _a0590446835 | ||
| 050 |
_aTK 148 _b.C57 1997 |
||
| 100 |
_aCole, Joanna _94006 |
||
| 245 |
_aThe Magic School bus and the electric Field Trip / _cJoanna Cole / |
||
| 260 |
_bScholastic, _c1997. _aNew York : |
||
| 300 |
_a48 p. : _bcol. ill. ; _c20 cm. |
||
| 440 |
_v1 _931174 |
||
| 521 | _aG2 | ||
| 526 | _c490 | ||
| 942 |
_cBK _2lcc |
||
| 999 |
_c40509 _d40509 |
||